Statistics for Translate These Countries From Icelandic To English

Click here to take the quiz!

General Stats

  • This quiz has been taken 1,819 times
  • The average score is 14 of 20

Answer Stats

HintAnswer% Correct
ÍslandIceland
96%
EþíópíaEthiopia
95%
Dóminíska LýðveldiðDominican Republic
89%
FilippseyjarPhilippines
89%
FrakklandFrance
86%
MaldíveyjarMaldives
86%
Hvita-RússlandBelarus
81%
KinaChina
81%
ÞýskalandGermany
79%
KýpurCyprus
74%
Sameinað KonungsríkiUnited Kingdom
69%
Mið-AfríkulýðveldiðCentral African Republic
67%
Miðbaugs-GíneaEquatorial Guinea
67%
LettlandLatvia
67%
Nýja-SjálandNew Zealand
66%
BandaríkinUnited States
60%
GvæjanaGuyana
53%
AlsirAlgeria
42%
FílabeinsströndinCote d'Ivoire
20%
GrænhöfðaeyjarCabo Verde
15%

Score Distribution

Percentile by Number Answered

Percent of People with Each Score

Your Score History

You have not taken this quiz